Представление документа в формате RUSMARC

ПолеНазваниеЗначение
  Тип записи c
  Библиографический уровень c
001 Контрольный номер RU/SLIB/B/208749049
005 Дата корректировки 20201206204123.2
010 Индекс ISBN __
d Цена 1-20
101 Язык документа __
a Язык текста rus
c Язык оригинала rus
200 Заглавие и сведения об ответственности 0_
a Заглавие Самоучитель игры на шестиструнной гитаре
f Первые сведения об ответственности Ларичев Е. Д.
b Общее обозначение материала Ноты
205 Сведения об издании __
a Основные сведения об издании 9-е изд.
210 Выходные данные __
a Место издания М.
c Издательство Музыка
d Дата издания 1986
215 Физическое описание __
a Объем 96 с.
c Иллюстрации/тип воспроизводства ноты
606 Тематические рубрики __
a Основная рубрика Музыка и зрелищные искусства
606 Тематические рубрики __
a Основная рубрика Инструментальная музыка
610 Ключевые слова __
a Ключевые слова шестиструнные гитары; струнная музыка; гитарная музыка; ноты; инструментальные произведения
686 Индексы других классификаций __
a Классификационный индекс 85.956.4; ст85.956.4
700 Автор __
a Фамилия Ларичев
b Имя Е. Д.
4 Код отношения 070
801 Источник записи _0
a Страна RU
b Организация Муниципальное бюджетное учреждение культуры "Централизованная библиотечная система" г. Сургут (Центральная городская библиотека им. А. С. Пушкина)
g Правила каталогизации КиК/Уланова
801 Источник записи _1
a Страна RU
b Организация Муниципальное бюджетное учреждение культуры "Централизованная библиотечная система" г. Сургут (Центральная городская библиотека им. А. С. Пушкина)
g Правила каталогизации КиК/Уланова
852 Данные о местонахождении __
j Шифр хранения 85.956.4
c Каталожный индекс 85.956.4
i Авторский знак Л 25
p Инвентарный номер 28496
901 Тип документа 1_
t Тип документа x
969 Тип издания __
a Тип издания самоучитель
990 Данные о заказе (DOS) __
j Количество экземпляров (DOS) 2